| 000 | 004780000a22001930004500 | ||
|---|---|---|---|
| 003 | LK-CoMWRAF | ||
| 008 | 230817t ||||| |||| 00| 0 eng d | ||
| 040 |
_aLK-CoMWRAF _dLK-CoMWRAF _eLK-CoMWRAF |
||
| 041 | _aeng | ||
| 082 |
_a420 _bMAR |
||
| 245 |
_aMarkam Kalandu Sanchikai _b |
||
| 260 |
_aColombo _bMarka Niruvakam _c1998 |
||
| 300 | _ap.101 | ||
| 490 | _aNo.3 | ||
| 650 | _aMarka Tamil Magazine | ||
| 650 | _aPeril of complacency | ||
| 650 | _aSociology | ||
| 942 | _cBK | ||
| 999 |
_c2898 _d2898 |
||